MDQL
is popping MORE tags! Check the
thread
!
Quizzes
Events
Quiz Creation
Community
Videos
Private Events
Remove Ads
Sign In
Join for FREE
Feedback
Dark Mode
Quiz Categories
Sports
Geography
Music
Movies
Television
Just For Fun
Miscellaneous
History
Literature
Language
Science
Gaming
Entertainment
Religion
Holiday
For Kids
Quiz Lab
Recent
Popular Today
Quiz Kudos Today
Editor Picks
Curator Picks
Quizzes by...
Day
Popularity
Type
Ratings
Length
Year
Community
Subscriptions
Recent Discussions
Orange Saloon
Badges
Playlists
Quests
Create
Leaderboards
Showdown
Live 5
Trivia Bingo
Activity
Puzzle Library
Sporcle Events
Private Events
Virtual Trivia
Globe League
Become a Host
Pub Owners
SporcleCon
Opinionation
Our Games
Videos
Blog
Mobile Apps
Partnerships
Remove Ads and Go Orange
Feedback
Sports
Athletes
MLB
NBA
NHL
NFL
Soccer
Sports Teams
WWE
NCAA
Football
Premier League
Basketball
Baseball
Hockey
Golf
Tennis
Cricket
Rugby
Auto Racing
Olympics
World Cup
Sports
Athletes
MLB
NBA
NHL
NFL
Soccer
Sports Teams
WWE
NCAA
Football
Premier League
Basketball
Baseball
Hockey
Golf
Tennis
Cricket
Rugby
Auto Racing
Olympics
World Cup
Random Quiz
Search Sporcle
×
Quiz Lab
Quiz Lab
Sports
Winner
Type in answers that appear in a list
Type in answers that appear in a list
Classic
Best Score? Go Orange.
NASCAR Chicagoland Winners Stats
Can you name the NASCAR Chicagoland Winners?
By
RKOLEGACY0
10m
19 Questions
230 Plays
230 Plays
230 Plays
Comments
Comments
Give Quiz Kudos
Give Quiz Kudos
-
- Ratings
hide this ad
Replay
Link that replays current quiz
Next Quiz
Link to next quiz in quiz playlist
You Got
0%
They Got
Avg Score
92%
Avg Friend Score
Upgrade to see
Score Distribution
Jump to the score distribution portion of the page
Score
0/19
Timer
10:00
0
Plays Today
Year
Driver
% Correct
2019
Alex Bowman
100%
2008
Kyle Busch
99.6%
2018
Kyle Busch
99.4%
2015
Denny Hamlin
98.7%
2017
Martin Truex, Jr.
98.3%
2001
Kevin Harvick
98.3%
2002
Kevin Harvick
98.3%
2004
Tony Stewart
98.3%
2006
Jeff Gordon
98.3%
2007
Tony Stewart
98.3%
Year
Driver
% Correct
2011
Tony Stewart
98.3%
2016
Martin Truex, Jr.
98.3%
2012
Brad Keselowski
97.8%
2014
Brad Keselowski
97.8%
2005
Dale Earnhardt, Jr.
97.4%
2013
Matt Kenseth
97.4%
2009
Mark Martin
96.1%
2003
Ryan Newman
95.2%
2010
David Reutimann
88.3%
Quiz Playlist
Details
Report
Send in Message
Add To Playlist
Classic:
Type in answers that appear in a list
Last Updated: Dec 28, 2019
Quiz Scoreboard
CHALLENGE
Sign Up to Join the Scoreboard
Show All
Scores
Hide
Comments
May contain spoilers
Recently Published
1-10 Letter E Words III
by El_Dandy
Language
2m
Street Fighter Characters
by Artimus82
Gaming
60s
College Basketball Coaching Resumes
by pancakes188
Sports
9m
More to Explore
Quiz From the Vault
Featured Blog Post
Where Did the Easter Bunny Come From?
hide this ad
You Might Also Like...
Tags
car
Driver
NASCAR
Winner
Today's Top Quizzes in Sports
Browse Sports
hide this ad
Today's Top Quizzes in Winner
Browse Winner
Top Contributed Quizzes in Sports
1
2022 World Cup Stars
2
Les meilleurs buteurs des matchs entre le PSG et l’OM
3
FIFA Club World Cup Champions
4
Les entraîneurs de l'OM et du PSG au 21e siècle
5
Criteria MLB: Left Handed Sluggers
6
2023 MLB Unique Player Accomplishments
7
AFC Teams Reveal (Wrong Answers Minefield)
8
Players with Multiple 50 Home Run Seasons
9
5-to-1: FBS Animal Nicknames
10
5-to-1: UK Sports Teams
Explore More
Trending Topics
Marvel
Anime
Harry Potter
Kpop
Crossword
Disney
NBA
Song
Puzzle
The Office
Pokémon
Soccer
Country
WWE
NFL
hide this ad
More By:
RKOLEGACY0
Quiz
Plays
Rating
Category
Featured
Created
D-Generation X Members
81,680
3.98
Sports
Sep 13, 2012
Edge WWE PPV Opponents
13,884
4.32
Sports
Nov 10, 2011
Wrestlers with the most WWE PPV Matches
11,236
4.23
Sports
Jan 8, 2012
History of the WWE Championship
5,924
4.50
Sports
Feb 9, 2012
MLB Top 100 Hitters of All Time
5,910
4.56
Sports
May 10, 2013
Go to Creator's Profile
Score Distribution
Quiz Creator Spotlight
RKOLEGACY0
Follow
Send a Message
Quizzes Created
-
Created Quiz Play Count
-
More By This Creator
Popular Quizzes Today
1
Find the US States - No Outlines Minefield
2
Find the Countries of Europe - No Outlines Minefield
3
The Countries of the World
4
Find the US States
5
Risky Map Clicking: Biggest States A-Z
6
US States
7
Popular People in 1961
8
Movies - When Are They Set?
More Sports Quizzes
2004 NBA All Star Game - West Team
Quiz Lab
Trending Quizzes
Risky Map Clicking: Least Populous States A-Z
USA Borders Longest to Shortest
1-10 Letter G Words
1-10 Letter F Words
Countries of the World: 200 Million BC
Recently Updated
Leaping Animals
pecheneg
Reality TV Shows (A-Z)
bhenderson79
Rickey Henderson's Hall of Fame Teammates
pecheneg
Champions League XIs: Arsenal
pecheneg
Quick Pick: Celebrities in WWE's Hall of Fame
aduchscher
A-Z Keypad Blitz II
pecheneg
Multiple Oscar Actors
pecheneg
Mystery Phrase Blitz: Oscar 'Best Actors'
pecheneg
F. Scott Fitzgerald Novels
LTH
Pick 3 Villains
ddd62291
Trending Topics
Crossword
Disney
Harry Potter
Anime
Kpop
Marvel
NBA
Puzzle
Soccer
NFL
Pokémon
WWE
Country
The Office
Song
Your Account Isn't Verified!
In order to create a playlist on Sporcle, you need to verify the email address you used during registration. Go to your
Sporcle Settings
to finish the process.
Report this User
Report this user for behavior that violates our
Community Guidelines
.
Details:
Send Report
Go to the Sporcle.com Mobile Site →
Comments